000
00316nam a2200121Ia 4500
008
220204s9999 xx 000 0 und d
082
_a
62-03
_b
SMI;1
100
_a
Charles O
245
0
_a
Science of engineering materials
260
_a
New Delhi
_b
Prentice Hall
_c
1974
650
_a
Engineering materials
942
_c
BK
999
_c
24290
_d
24290